000 00294nam a22001337a 4500
003 SGT
020 _a9788184575774
082 _a371.91,KUM
100 _aKUMAR SUDIP
245 _aDRASTIBADHIT VIDHARTHIYON KI SAMASYA
260 _aNEW DELHI
_bKANISKA
_c2021
300 _a153
942 _2ddc
_cBK
999 _c26664
_d26664